📖 150 premiers mots "Le parfum du bonheur est plus fort..." Grimaldi - Statistiques

Statistiques générales
  • Ce quiz a Ă©tĂ© pris 10 fois
  • Le rĂ©sultat moyen est 68 sur 150
Statistiques - réponses
Mots % Correct
C'
100%
Dom Pérignon.
100%
Ben,
89%
d'
89%
et
89%
Il
89%
il
89%
J'
89%
l'
89%
la
89%
lĂ ,
89%
n'
89%
ce
78%
de
78%
du
78%
est
78%
Je
78%
je
78%
le
78%
Le
78%
mais
78%
Mais,
78%
vous,
78%
vous
78%
20H40.
67%
21
67%
bouteille
67%
en
67%
me
67%
nous
67%
pas
67%
son
67%
mon
56%
pour
56%
que
56%
qui
56%
sa
56%
avoir
44%
comme
44%
était
44%
ĂȘtre
44%
fois
44%
ni
44%
premier
44%
rendez-
44%
retard,
44%
soir,
44%
toujours.
44%
tout
44%
un
44%
une
44%
mari
33%
mariage,
33%
notre
33%
plus
33%
- Quand
33%
sans
33%
champagne
22%
champagne.
22%
chose
22%
encore
22%
enterrement.
22%
heures.
22%
peut
22%
prendrons
22%
quelque
22%
sera
22%
suis
22%
troisiĂšme
22%
aime
11%
boire
11%
entre
11%
faire
11%
jus
11%
personne
11%
serveur
11%
table
11%
vers
11%
acheter
0%
alcool,
0%
attendant,
0%
bloque
0%
capable
0%
carte
0%
commande
0%
commencer
0%
comptoir.
0%
consommer.
0%
contrĂŽle.
0%
dégainé
0%
- Désirez-
0%
exception. ...
0%
fierté
0%
gĂȘnĂ©e
0%
générale,
0%
hoche
0%
honte
0%
impatience.
0%
madame ?
0%
maniĂšre
0%
orange.
0%
oscille
0%
patience.
0%
perdre
0%
repart
0%
serait
0%
tĂȘte
0%
tire
0%
vais
0%
Aucun quiz correspondant
Distribution des résultats
% des personnes avec chaque résultat
Percentile par nombre de réponses
Votre historique - résultats
Vous n’avez pas pris ce quiz